LEADER 01146nam a2200205 i 4500 001 000000224745 003 CaOOAMICUS 005 20131111000000.0 008 131111s1838 it u000 u lat u 013 $a203643 040 $aSeMil$bita 245 10$aTomus 129. 300 $a475 p. 773 0 $aAugustinus, Aurelius $tSancti Augustini Hipponensis episcopi opera omnia multis sermonibus ineditis aucta et locupletata.$b[dal 1842] Editio nova / accurantibus D. A. B. Caillau ... nonnullisque cleri gallicani presbyteris.$dParisiis : Apud Paul Mellier, 1836.$g22$w()10069 773 0 $aGuillon, Marie Nicolas Sylvestre <1760-1847>$tCollectio selecta SS. Ecclesiae Patrum, complectens exquisitissima opera tum dogmatica et moralia, tum apologetica et oratoria; accurantibus D. Caillau ... una cum D.M.N.S. Guillon ..$dParisiis : Apud Méquignon-Havard, 1829-1840 (Parisiis : Typis Decourchant)$g129$w()28977 850 $aSeMil 852 $aSeMil$W1$xVenegono$y1$m2S II 129 FA$j175091$B175091$CSeMilBibl$Z2$F185060 $8I 941 1 $a10 961 $aRecupero: Mantegazza 996 $6245$aTomus 129$9(OLS)http://semarc/title/322060 LEADER 01554nam a2200313 i 4500 001 000000125962 003 CaOOAMICUS 005 20040504000000.0 008 040504s1987 it u000 u ita u 013 $a98663 020 $a88-16-40200-8 040 $aSeMil$bita 100 1 $aMinelli, Giuseppe.$0(OLS)http://semarc/name/52322 245 10$aAll'origine della biologia moderna. La vita di un testimone e protagonista :$bMarcello Malpighi nell'Università di Bologna /$cGiuseppe Minelli. 260 $aMilano :$bJaca Book,$c1987. 300 $a125 p. ;$c23 cm. 490 0 $aDi fronte e attraverso ;$v200 490 0 $aDi fronte e attraverso. L'evoluzione dell'universo 500 $aIn mezzo al front : Celebrazioni del Nono Centenario dell'Università di Bologna. 650 4$aBiologia - Storia.$0(OLS)http://semarc/subject/17951 650 4$aMalpighi, Marcello.$0(OLS)http://semarc/subject/24528 830 0$aDi fronte e attraverso ;$v200.$0(OLS)http://semarc/title/6486 830 0$aDi fronte e attraverso. L'evoluzione dell'universo.$0(OLS)http://semarc/title/10300 850 $aSeMil 852 $aSeMil$W1$xVenegono$y1$m3X IV 56$j80358$B80358$CSeMilBibl$Z2$F82650 $81 961 $aRecupero: Seminario di Seveso 996 $6020$a88-16-40200-8$9(OLS)http://semarc/number/111980 996 $6245$aAll'origine della biologia moderna. La vita di un testimone e protagonista :$bMarcello Malpighi nell'Università di Bologna$9(OLS)http://semarc/title/407985 996 $6260$aMilano :$bJaca Book$9(OLS)http://semarc/publisher/29781 LEADER 01222nam a2200253 i 4500 001 000000163805 003 CaOOAMICUS 005 20240515123927.0 008 070820s1973 it u000 u ita u 040 $aSeMil$bita 100 1 $aBarbieri, Antonio <1920->.$0(OLS)http://semarc/name/17608 245 10$aLatino «delirante» dai rustici di Roma a noi :$bnotazioni etimologiche per un riavvicinamento vivace alla madrelingua /$cAntonio Barbieri. 264 1$aMilano :$bCELUC,$c1973. 300 $a237 p. ;$c19 cm. 490 1 $aRicerche. Nuova serie 650 4$aLingua italiana - Etimologia - Derivazione latina.$0(OLS)http://semarc/subject/18560 650 4$aLingua latina [e] Lingua italiana - Etimologia.$0(OLS)http://semarc/subject/55697 830 0$aRicerche. Nuova serie.$0(OLS)http://semarc/title/24122 850 $aSeMil 852 $aSeMil$W1$xVenegono$y1$m1X I 259$j248026$B115099$CSeMilBibl$Z2$F125951 $81 961 $aRecupero: Altro 996 $6245$aLatino «delirante» dai rustici di Roma a noi :$bnotazioni etimologiche per un riavvicinamento vivace alla madrelingua$9(OLS)http://semarc/title/233711 996 $6264$aMilano :$bCELUC$9(OLS)http://semarc/publisher/31400